CLINCIAL GYNAECOLOGIC ENDOCRINOLOGY & INFERTILITY / (Record no. 796193)

MARC details
000 -LEADER
fixed length control field 00531pam a2200193 a 4500
020 ## - INTERNATIONAL STANDARD BOOK NUMBER
International Standard Book Number 0781710042
Terms of availability 993.30
041 ## - LANGUAGE CODE
Language code of text/sound track or separate title eng
Language code of original NULL
082 ## - DEWEY DECIMAL CLASSIFICATION NUMBER
Classification number 618.2
Item number SEI/SPE
100 ## - MAIN ENTRY--PERSONAL NAME
Personal name SEIFER, D .
245 ## - TITLE STATEMENT
Title CLINCIAL GYNAECOLOGIC ENDOCRINOLOGY & INFERTILITY /
Statement of responsibility, etc. NULL.
Medium Textual Documents
250 ## - EDITION STATEMENT
Edition statement 2 /
Remainder of edition statement .
260 ## - PUBLICATION, DISTRIBUTION, ETC.
Place of publication, distribution, etc. NULL :
Name of publisher, distributor, etc. LIPPINCOTT WILLIAMS & WILKINS ,
Date of publication, distribution, etc. 2003.
300 ## - PHYSICAL DESCRIPTION
Extent 524 :
Other physical details VIII ;
Dimensions NULL .
365 ## - TRADE PRICE
Price type code 993.30
650 ## - SUBJECT ADDED ENTRY--TOPICAL TERM
Topical term or geographic name entry element OBST.GYNE
700 ## - ADDED ENTRY--PERSONAL NAME
Personal name SPEROFF, L .
930 ## - EQUIVALENCE OR CROSS-REFERENCE-UNIFORM TITLE HEADING [LOCAL, CANADA]
Uniform title 1657
Holdings
Withdrawn status Lost status Damaged status Not for loan Home library Current library Date acquired Cost, normal purchase price Total Checkouts Full call number Barcode Date last seen Copy number Price effective from Koha item type
        Medical College & Hospital, Sangli Medical College & Hospital, Sangli 28/11/2011 993.30   618.2 SEI/SPE MCS-4275 26/07/2023 1 26/07/2023 Book